| 000 | 00822nas a2200265 4500 | ||
|---|---|---|---|
| 001 | BR0201270 | ||
| 003 | BR-BrBNA | ||
| 005 | 20231205102804.0 | ||
| 007 | ta | ||
| 008 | 230509b bl.|||p| |||| 00| 00por d | ||
| 040 |
_aBR-BrBNA _bpor _cBiblioteca Nacional de Agricultura |
||
| 041 | _a(Pt) | ||
| 072 | _aJ11; H50 | ||
| 100 | 1 | _aBrackmann, A. | |
| 100 | 1 | _aNeuwald, D.A. | |
| 100 | 1 | _aSteffens, C.A. | |
| 245 | 1 | _aArmazenamento de maçã "Fuji" com incidência de pingo-de-mel | |
| 650 | _aMAÇÃ | ||
| 650 | _aDISTÚRBIO FISIOLÓGICO | ||
| 650 | _aARMAZENAMENTO DE ALIMENTO | ||
| 650 | _aPROPRIEDADE FÍSICO-QUÍMICA | ||
| 773 | 0 |
_tRevista Brasileira de Fruticultura (Brazil) _xISSN 0100-2945 _g(Dec 2001), v. 23(3) p. 526-531 _wBR0201270 |
|
| 909 |
_a202311 _bLúcia _c55 _dLúcia Elande |
||
| 942 |
_2AGRIS _n0 _cANA |
||
| 999 |
_c169332 _d169332 |
||